00965cam a2200241 a 450000100100000000500170001000800410002702000150006804000250008308200200010810000420012824500830017026000680025330000210032165000370034265100380037965100480041765000470046560000420051270000310055495201230058599900150070800000285920200929150255.0961119s1997 pr 001 0aspa  a0865814961 aDO-SdBNPbspacBNPHU aPR860.44bL864m1 aLópez Cantos, Ángel,b1935-9907210aMi tío, Miguel Enríquez /cÁngel López Cantos ; Editor, Pepe Carvajal. aSan Juan, P.R. :bInstituto de Cultura Puertorriqueña,c1997. a311 p. ;c21 cm. 4aLiteratura puertoriqueña96540 4aPuerto RicoxHistoriay189899073 4aPuerto RicoxVida Social Y Costumbres99074 4aPirataszPuerto RicoxBibliografía9907510aENRÍQUEZ, MIGUEL,d1681-1749.990761 aCarvajal, Pepe,eed.99077 001052708MOaGRbGRcHDd2009-07-04iLF1l0oPR860.44 L864mp2859-10r2020-06-25w2020-06-25y2ZPréstamo interno c2693d2693